000 02341cam a22005534i 4500
003 PE-LiUPU
005 20250731170436.0
008 150625s r 000 0 d
020 _a9684261381
_q1981
035 _a(Sirsi) a31769
040 _aPE-LiUPU
_bspa
_cPE-LiUPU
_erda
082 0 4 _a155.413
_bC59
_221
100 1 _aClarizio, Harvey F.,
_eautor.
245 1 0 _aTrastornos de la conducta en el niño /
_cHarvey Clarizio.
264 1 _aMéxico :
_bManual moderno,
_c1970.
336 _atext
_2rdacontent
337 _aunmediated
_2rdamedia
338 _avolume
_2rdacarrier
505 0 _aConsideraciones de desarrollo: Normalidad, Problemas comunes de crecimiento, Diagnostico e incidencia de los desajustes. - Transtronos conductuales en los niños: Relaciones compulsivas, obsesivas y fobicas de los niños, Reacciones compulsivas, Incapacidades de aprendizaje, Subnormalidad mental, Niños con deficiencias culturales, Delincuencia juvenil, Psicosis infantiles. - Estrategias de intervención y prevención: Metodos de tratamiento de los niños, Recursos de intervención para ñla comunidad, Manejo de problemas conductuales en las aulas, Prevención de los transtornos conductuales.
526 _aSEG68
526 _aSEG70
526 _aSEG69
526 _aSEG67
526 _aSEG43
526 _aP144
526 _aP143
526 _aP131
526 _aP122
526 _aP120
526 _aP117
526 _aP112
526 _aP110
526 _aP106
526 _aP101
526 _aP80
526 _aP59
526 _aP54
526 _aP35
526 _aP33
526 _aP30
910 _a
942 _2ddc
_cBOOK
949 _a155.413 C59
_wDEWEY
_c1
_i20350
_lCCODEBUL1
_mBUL
_p00.00
_r0
_sY
_tBOOK
_u2015-06-25
_xBIBLIOTECA
_zUNKNOWN
_0COMPRA
_o.STAFF. Colección General
596 _a1
999 _a155.413 C59
_wDEWEY
_c39353
_i20350
_d39353
_e2016-5-24
_f2019-12-10
_g4
_lDISCARD
_mBUL
_n1
_r0
_sY
_tBOOK
_u2015-6-25
_xSALUD
_zUNKNOWN
_0COMPRA
_o.STAFF. Colección General
999 _a155.413 C59
_wDEWEY
_c2
_i74935
_d2022-3-2
_e2017-10-10
_f2021-11-3
_g5
_lCCODEBUL1
_mBUL
_n1
_q8
_r0
_sY
_tBOOK
_u2016-10-5
_xSALUD
_PP33
_0COMPRA
_o.STAFF. Colección Ciencias de la Salud
980 _81
_gALBERTO SANCHEZ Responsable de Automatización